书目信息 |
| 题名: |
纳米复合材料手册
|
|
| 作者: | 张玉龙 主编 | |
| 分册: | ||
| 出版信息: | 北京 中国石化出版社 2005.07 |
|
| 页数: | 773页 | |
| 开本: | 30cm | |
| 丛书名: | ||
| 单 册: | ||
| 中图分类: | TB383 | |
| 科图分类: | ||
| 主题词: | 工程材料 | |
| 电子资源: | ||
| ISBN: | 978-7-80164-820-4 | |
| 000 | 00587nam0 2200217 45 | |
| 001 | 0961294063 | |
| 005 | 20091104170239.53 | |
| 010 | @a978-7-80164-820-4@dCNY98.00 | |
| 100 | @a20090515d2005 ekmy0 y0120 ea | |
| 102 | @aCN@b130000 | |
| 102 | @aCN@b110000 | |
| 105 | @ay z 000yy | |
| 200 | 1 | @a纳米复合材料手册@f张玉龙主编@Fzhang yu long zhu bian |
| 210 | @a北京@c中国石化出版社@d2005.07 | |
| 215 | @a773页@d30cm | |
| 606 | 0 | @a工程材料 |
| 690 | @aTB383@v4 | |
| 701 | 0 | @a张玉龙@Azhang yu long@4主编 |
| 801 | 0 | @aCN@c20091104 |
| 905 | @a10447@dTB383@eZ2301 | |
| 906 | @d98@n1@r1 | |
| 纳米复合材料手册/张玉龙主编.-北京:中国石化出版社,2005.07 |
| 773页;30cm |
| ISBN 978-7-80164-820-4:CNY98.00 |
| ● |
| 相关链接 |
|
|
|
正题名:纳米复合材料手册
索取号:TB383/Z2301
 
预约/预借
| 序号 | 登录号 | 条形码 | 馆藏地/架位号 | 状态 | 备注 |
| 1 | 894904 | 208949049 | 自科库501/501自科库 14排2列4层/ [索取号:TB383/Z2301] | 在馆 |